00509cam a22002171 4500001001300000003000400013005001700017008004100034010001700075035002000092040001800112042001200130050002000142100002900162245001500191260001800206300002500224500001400249500001100263999001700274sa 68003292 DLC20260227112451.0890615t19671966ii 000 0 hino  asa 68003292  a(OCoLC)19873072 aDLCcWaUdDLC apremarc00aPK2098.P667bV31 aPrabhas, Sitaram,d1917-10aVallakī. c[1967, c1966] a21, 5, 96 p.c23 cm. aIn Hindi. aPoems. c79374d79374